| 000 | 00823 a2200205 4500 | ||
|---|---|---|---|
| 999 |
_c5518 _d5518 |
||
| 020 | _a0335197086 (hb.) | ||
| 020 | _a0335197078 (pbk.) | ||
| 050 | 0 | 0 | _aRA425USH1996 |
| 100 | 1 |
_aUsherwood, Tim _d1953- |
|
| 245 | 1 | 0 |
_aIntroduction to project management in health research : _ba guide for new researchers / _cTim Usherwood. |
| 264 |
_aPhiladelphia: _bOpen university press, _c1996 |
||
| 300 |
_ax, 100 p. : _bill. ; |
||
| 500 | _aincludes index | ||
| 504 | _aIncludes bibliographical references (p. [95]-98) and index. | ||
| 650 | 0 |
_aMedical care _xResearch _xManagement. |
|
| 650 | 0 | _aProject management. | |
| 650 | 1 | 2 |
_aResearch _xorganization & administration. |
| 942 |
_2lcc _cBK _h425 _iUSH _k1996 |
||